Международное право: учебник

Detalles Bibliográficos
Outros autores: Гасанов К. К. Карим Кадырович (редактор)
Summary:В учебнике в кратком и систематизированном виде излагаются основные темы курса «Международное право», в том числе: понятие, источники, основные принципы и субъекты международного права; концепция господства права в современном международном праве; история создания и деятельность международных организаций и конференций; право международных договоров и внешних сношений; ответственность в международном праве.Особое внимание уделяется отдельным отраслям международного права — морскому, воздушному, космическому, уголовному, гуманитарному, экологическому, экономическому праву.Для студентов (слушателей, курсантов) и преподавателей высших учебных заведений юридического профиля.
Исключено из фонда НТБ ТПУ
Idioma:ruso
Publicado: Москва, ЮНИТИ, 2008
Formato: MixedMaterials Libro
KOHA link:https://koha.lib.tpu.ru/cgi-bin/koha/opac-detail.pl?biblionumber=135104

MARC

LEADER 00000nam0a2200000 4500
001 135104
005 20231031135939.0
010 |a 9785238013701 
035 |a (RuTPU)RU\TPU\book\146433 
090 |a 135104 
100 |a 20080407d2008 m y0rusy50 ca 
101 0 |a rus 
102 |a RU 
105 |a y j 001zy 
200 1 |a Международное право  |e учебник  |f под ред. К. К. Гасанова 
210 |a Москва  |c ЮНИТИ  |d 2008 
215 |a 407 с. 
320 |a Библиогр.: с. 403-404. 
330 |a В учебнике в кратком и систематизированном виде излагаются основные темы курса «Международное право», в том числе: понятие, источники, основные принципы и субъекты международного права; концепция господства права в современном международном праве; история создания и деятельность международных организаций и конференций; право международных договоров и внешних сношений; ответственность в международном праве.Особое внимание уделяется отдельным отраслям международного права — морскому, воздушному, космическому, уголовному, гуманитарному, экологическому, экономическому праву.Для студентов (слушателей, курсантов) и преподавателей высших учебных заведений юридического профиля. 
333 |a Исключено из фонда НТБ ТПУ 
686 |a Х91я73  |v LBC/SL-A  |2 rubbk 
702 1 |a Гасанов  |b К. К.  |g Карим Кадырович  |4 340 
801 1 |a RU  |b 63413507  |c 20080407  |g PSBO 
801 2 |a RU  |b 63413507  |c 20210226  |g PSBO 
942 |c BK 
959 |a 39/20080403  |d 1  |e 270,00  |f ЧЗГЛ:1